[Event "Bundesliga 0001"]
[Site "Deutschland"]
[Date "2001.03.10"]
[Round "10.6"]
[White "Pachow, Joerg"]
[Black "Balster, Stefan"]
[Result "1/2-1/2"]
[WhiteElo "2297"]
[BlackElo "2338"]
[PlyCount "157"]
[EventDate "2000.10.14"]
[EventType "team"]
[EventRounds "15"]
[EventCountry "GER"]
[SourceTitle "Bundesliga 0001"]
[Source "DeepChess"]
[SourceDate "2005.01.01"]
[SourceVersion "1"]
[SourceVersionDate "2005.01.01"]
[SourceQuality "1"]
[WhiteTeam "SK Koenig Tegel 1949 e.V. "]
[BlackTeam "SC Hassel KS Gelsenkirchen"]
[WhiteTeamCountry "GER"]
[BlackTeamCountry "GER"]

1. Nf3 c5 2. g3 b6 3. Bg2 Bb7 4. O-O Nf6 5. d3 d5 6. e4 e6 7. e5 Nfd7 8. Re1
Nc6 9. Bf4 Be7 10. h4 h6 11. h5 b5 12. c4 bxc4 13. dxc4 dxc4 14. Nbd2 Nb6 15.
Rc1 Nb4 16. Nxc4 Qxd1 17. Rexd1 Nxc4 18. Rxc4 Bd5 19. Nd2 O-O 20. a3 Bxc4 21.
Nxc4 Nd5 22. Bxd5 exd5 23. Rxd5 Rfc8 24. Rd7 Kf8 25. Nd6 Rc6 26. Kg2 a5 27. Be3
c4 28. Nf5 Bc5 29. Nd4 Bxd4 30. Bxd4 Ke8 31. Rb7 a4 32. Bc3 Rd8 33. Ra7 Rd7 34.
Rxa4 Ke7 35. Ra8 g6 36. hxg6 fxg6 37. Rh8 h5 38. a4 Ke6 39. a5 Kd5 40. Re8 Re6
41. Rc8 Rc6 42. Rb8 Rcc7 43. Rb5+ Rc5 44. Rb6 Rc6 45. Rb4 Rc5 46. Ra4 Ra7 47.
Ra1 Ra6 48. Kf3 Rc8 49. Rd1+ Ke6 50. Ke4 Rac6 51. f4 Rf8 52. Ra1 Ra8 53. g4
hxg4 54. Rg1 Rd8 55. Rxg4 Kf7 56. Rh4 Kg8 57. Rh1 Rd3 58. Ra1 Rd7 59. Ra4 Kf7
60. Bd4 Ra6 61. Bb6 Rd2 62. Rxc4 Rxb2 63. Rc7+ Ke8 64. Kd5 Rb5+ 65. Kd6 Rbxa5
66. Rc8+ Kf7 67. Rc7+ Kf8 68. Rc8+ Kg7 69. Rc7+ Kh6 70. Rc6 Rb5 71. Kc7 Kg7 72.
Rd6 Ra4 73. Rd7+ Kh6 74. Rf7 Rc4+ 75. Kb7 Re4 76. Rf6 Kg7 77. Kc6 Rbb4 78. f5
Rxe5 79. Rxg6+ 1/2-1/2

[Event "Bundesliga 0001"]
[Site "Deutschland"]
[Date "2001.03.10"]
[Round "10.7"]
[White "Partenheimer, Axel"]
[Black "Giemsa, Stephan"]
[Result "1/2-1/2"]
[WhiteElo "2196"]
[BlackElo "2299"]
[PlyCount "96"]
[EventDate "2000.10.14"]
[EventType "team"]
[EventRounds "15"]
[EventCountry "GER"]
[SourceTitle "Bundesliga 0001"]
[Source "DeepChess"]
[SourceDate "2005.01.01"]
[SourceVersion "1"]
[SourceVersionDate "2005.01.01"]
[SourceQuality "1"]
[WhiteTeam "SC Hassel KS Gelsenkirchen"]
[BlackTeam "SK Koenig Tegel 1949 e.V. "]
[WhiteTeamCountry "GER"]
[BlackTeamCountry "GER"]

1. Nf3 Nf6 2. c4 c5 3. Nc3 g6 4. g3 Bg7 5. Bg2 Nc6 6. d4 cxd4 7. Nxd4 O-O 8.
O-O Ng4 9. e3 d6 10. b3 Nxd4 11. exd4 Rb8 12. Bb2 Nh6 13. Re1 Nf5 14. d5 a6 15.
Na4 Bxb2 16. Nxb2 b5 17. Qd2 Re8 18. Rac1 e5 19. dxe6 Bxe6 20. Red1 Qf6 21.
cxb5 axb5 22. Nd3 Rec8 23. Rxc8+ Rxc8 24. Nb4 Rc5 25. h4 h5 26. Nd5 Bxd5 27.
Bxd5 Qe5 28. Bg2 Rc3 29. b4 Rc4 30. a3 Rd4 31. Qe1 Rxd1 32. Qxd1 Qc3 33. Qf3
Qe1+ 34. Bf1 Nd4 35. Qe3 Qd1 36. Kg2 Kg7 37. Qd3 Qa1 38. Qd2 Nf5 39. Qd3 Qe5
40. Be2 Nd4 41. Bd1 Qd5+ 42. Kg1 Kf8 43. Qe3 Nf5 44. Qf3 Qd2 45. Bb3 Qc1+ 46.
Kg2 Qd2 47. Bd1 Qd5 48. Qe4 Nd4 1/2-1/2

[Event "Bundesliga 0001"]
[Site "Deutschland"]
[Date "2001.03.10"]
[Round "10.8"]
[White "Lorenz, Sascha"]
[Black "Orlov, Andrey"]
[Result "0-1"]
[WhiteElo "2298"]
[BlackElo "2367"]
[PlyCount "34"]
[EventDate "2000.10.14"]
[EventType "team"]
[EventRounds "15"]
[EventCountry "GER"]
[SourceTitle "Bundesliga 0001"]
[Source "DeepChess"]
[SourceDate "2005.01.01"]
[SourceVersion "1"]
[SourceVersionDate "2005.01.01"]
[SourceQuality "1"]
[WhiteTeam "SK Koenig Tegel 1949 e.V. "]
[BlackTeam "SC Hassel KS Gelsenkirchen"]
[WhiteTeamCountry "GER"]
[BlackTeamCountry "GER"]

1. c4 e5 2. g3 Nc6 3. Bg2 g6 4. Nc3 Bg7 5. e4 d6 6. Nge2 Be6 7. d3 Qd7 8. Nd5
Nce7 9. d4 c6 10. Nxe7 Nxe7 11. d5 Bh3 12. O-O h5 13. dxc6 bxc6 14. Bxh3 Qxh3
15. Qxd6 Rd8 16. Qa3 h4 17. Qf3 Qxf1+ 0-1

[Event "Bundesliga 0001"]
[Site "Deutschland"]
[Date "2001.03.10"]
[Round "10.1"]
[White "Schlindwein, Rolf"]
[Black "Khenkin, Igor"]
[Result "1/2-1/2"]
[WhiteElo "2441"]
[BlackElo "2633"]
[PlyCount "123"]
[EventDate "2000.10.14"]
[EventType "team"]
[EventRounds "15"]
[EventCountry "GER"]
[SourceTitle "Bundesliga 0001"]
[Source "DeepChess"]
[SourceDate "2005.01.01"]
[SourceVersion "1"]
[SourceVersionDate "2005.01.01"]
[SourceQuality "1"]
[WhiteTeam "SF 1982 Baiertal Schatthausen"]
[BlackTeam "TV Tegernsee"]
[WhiteTeamCountry "GER"]
[BlackTeamCountry "GER"]

1. e4 c6 2. d4 d5 3. Nc3 dxe4 4. Nxe4 Bf5 5. Ng3 Bg6 6. N1e2 e6 7. Nf4 Qc7 8.
c3 Nf6 9. h4 Bd6 10. Qf3 Nbd7 11. h5 Bc2 12. h6 g6 13. Bc4 O-O 14. Nfe2 c5 15.
Bg5 cxd4 16. Nxd4 Bxg3 17. Nxc2 Qxc4 18. Bxf6 Nxf6 19. Qxg3 Rfd8 20. Qh4 Qxh4
21. Rxh4 Kf8 22. Rd1 Rxd1+ 23. Kxd1 Rc8 24. Ra4 a6 25. Ne3 Ng8 26. Ng4 f5 27.
Ne5 Nxh6 28. Rd4 Rc7 29. Rd7 Rxd7+ 30. Nxd7+ Ke7 31. Nc5 Ng4 32. Ke2 b6 33.
Nxa6 Kd6 34. a4 Ne5 35. f4 Nc4 36. Kd3 Nxb2+ 37. Kd4 Nxa4 38. c4 b5 39. cxb5
Nb6 40. Nc5 Nd5 41. Nb7+ Kc7 42. Nc5 Nxf4 43. g3 Ne2+ 44. Ke5 Nxg3 45. Nxe6+
Kb6 46. Nf8 Kxb5 47. Nxh7 Kb4 48. Nf8 g5 49. Nh7 g4 50. Nf6 Ne2 51. Nh5 g3 52.
Nxg3 Nxg3 53. Kf4 Kc4 54. Kxg3 Kd5 55. Kf4 Ke6 56. Kf3 Ke5 57. Ke3 f4+ 58. Kf3
Kf5 59. Kf2 Ke4 60. Ke2 f3+ 61. Kf2 Kf4 62. Kf1 1/2-1/2

[Event "Bundesliga 0001"]
[Site "Deutschland"]
[Date "2001.03.10"]
[Round "10.2"]
[White "Hertneck, Gerald"]
[Black "Doettling, Fabian"]
[Result "1/2-1/2"]
[WhiteElo "2541"]
[BlackElo "2473"]
[PlyCount "51"]
[EventDate "2000.10.14"]
[EventType "team"]
[EventRounds "15"]
[EventCountry "GER"]
[SourceTitle "Bundesliga 0001"]
[Source "DeepChess"]
[SourceDate "2005.01.01"]
[SourceVersion "1"]
[SourceVersionDate "2005.01.01"]
[SourceQuality "1"]
[WhiteTeam "TV Tegernsee"]
[BlackTeam "SF 1982 Baiertal Schatthausen"]
[WhiteTeamCountry "GER"]
[BlackTeamCountry "GER"]

1. c4 e6 2. d4 d5 3. Nf3 Nf6 4. Nc3 Be7 5. Bg5 O-O 6. e3 Nbd7 7. Qc2 c5 8. dxc5
Qa5 9. cxd5 Nxd5 10. Bxe7 Nxe7 11. Bb5 Nxc5 12. O-O Bd7 13. a4 Rac8 14. Ne5
Bxb5 15. axb5 Qc7 16. Nd3 Nxd3 17. Qxd3 Rfd8 18. Qe2 Qc5 19. e4 Ng6 20. Qe3
Qxe3 21. fxe3 Ra8 22. Rfd1 Rxd1+ 23. Rxd1 Ne5 24. Kf2 Kf8 25. Ke2 Ke7 26. Rd4
1/2-1/2

[Event "Bundesliga 0001"]
[Site "Deutschland"]
[Date "2001.03.10"]
[Round "10.4"]
[White "Stangl, Markus"]
[Black "Buhmann, Rainer"]
[Result "1/2-1/2"]
[WhiteElo "2479"]
[BlackElo "2416"]
[PlyCount "142"]
[EventDate "2000.10.14"]
[EventType "team"]
[EventRounds "15"]
[EventCountry "GER"]
[SourceTitle "Bundesliga 0001"]
[Source "DeepChess"]
[SourceDate "2005.01.01"]
[SourceVersion "1"]
[SourceVersionDate "2005.01.01"]
[SourceQuality "1"]
[WhiteTeam "TV Tegernsee"]
[BlackTeam "SF 1982 Baiertal Schatthausen"]
[WhiteTeamCountry "GER"]
[BlackTeamCountry "GER"]

1. Nf3 d5 2. c4 e6 3. g3 Nf6 4. Bg2 Be7 5. O-O O-O 6. d4 dxc4 7. Qc2 a6 8. a4
Bd7 9. Qxc4 Bc6 10. Bg5 Nbd7 11. Nc3 Nd5 12. Bxe7 Qxe7 13. Nxd5 exd5 14. Qc2
Nf6 15. Rfc1 Bd7 16. b4 c6 17. e3 Ne4 18. Ne5 Nd6 19. Qc5 f6 20. Nxd7 Qxd7 21.
Rab1 Rfc8 22. Bf1 b5 23. axb5 axb5 24. Ra1 Nc4 25. e4 dxe4 26. Bxc4+ bxc4 27.
Qxc4+ Kf8 28. Ra5 Rab8 29. Rc5 Rd8 30. Rd1 Qb7 31. Rb1 Rd6 32. b5 Qd7 33. b6
Rxd4 34. Qc2 e3 35. fxe3 Rd2 36. Qxh7 Rd1+ 37. Kg2 Rd2+ 38. Kf3 Qd6 39. Qf5 Re8
40. Rc4 Rd3 41. Re4 Rb8 42. Re6 Qa3 43. b7 Qc3 44. Qf4 Rdd8 45. Qe4 Qc5 46. g4
Qg5 47. Rxc6 Qh4 48. Qf4 Qh3+ 49. Kf2 Qh4+ 50. Ke2 Qh7 51. Rb3 Qh3 52. Qg3 Qh7
53. Qf4 Qh3 54. Rd6 Qg2+ 55. Kd3 Qc6 56. Rd4 Qa6+ 57. Kc3 Qa1+ 58. Kc2 Qa2+ 59.
Kc3 Qa1+ 60. Kc2 Qa2+ 61. Rb2 Rbc8+ 62. bxc8=Q Rxc8+ 63. Kd3 Qa3+ 64. Ke4 Qa8+
65. Kd3 Qa3+ 66. Ke2 Qxb2+ 67. Kf3 Qb7+ 68. Kg3 Kg8 69. g5 fxg5 70. Qxg5 Re8
71. h3 Qb3 1/2-1/2

[Event "Bundesliga 0001"]
[Site "Deutschland"]
[Date "2001.03.10"]
[Round "10.5"]
[White "Duppel, Matthias"]
[Black "Teske, Henrik"]
[Result "0-1"]
[WhiteElo "2376"]
[BlackElo "2463"]
[PlyCount "98"]
[EventDate "2000.10.14"]
[EventType "team"]
[EventRounds "15"]
[EventCountry "GER"]
[SourceTitle "Bundesliga 0001"]
[Source "DeepChess"]
[SourceDate "2005.01.01"]
[SourceVersion "1"]
[SourceVersionDate "2005.01.01"]
[SourceQuality "1"]
[WhiteTeam "SF 1982 Baiertal Schatthausen"]
[BlackTeam "TV Tegernsee"]
[WhiteTeamCountry "GER"]
[BlackTeamCountry "GER"]

1. e4 e5 2. Nf3 Nc6 3. Bc4 Bc5 4. O-O Nf6 5. d3 d6 6. c3 Bb6 7. Bb3 Be6 8. Nbd2
Qd7 9. Ba4 Bg4 10. Re1 O-O 11. Nf1 h6 12. h3 Bh5 13. Ng3 Bg6 14. Nh4 Qd8 15.
Qf3 Nh7 16. Bxc6 bxc6 17. Ngf5 Qf6 18. Qg3 Rad8 19. Kh1 Rfe8 20. f4 Bxf5 21.
Nxf5 Qg6 22. Qh4 Qf6 23. Qg3 Qg6 24. Qf3 d5 25. fxe5 Rxe5 26. Bf4 Re6 27. g4
Ng5 28. Bxg5 Qxg5 29. Re2 dxe4 30. Rxe4 Rxe4 31. Qxe4 g6 32. Ne7+ Kf8 33. Re1
Rd6 34. Nxc6 Re6 35. Ne5 Bf2 36. Qa8+ Kg7 37. Rf1 Rxe5 38. Rxf2 Re3 39. Rf3
Rxf3 40. Qxf3 Qc1+ 41. Kg2 Qxb2+ 42. Kg3 Qxc3 43. Qd5 c6 44. Qd6 a5 45. a4 Qe1+
46. Kg2 Qc3 47. Kg3 g5 48. Qd7 Qe5+ 49. Kf2 Qf4+ 0-1

[Event "Bundesliga 0001"]
[Site "Deutschland"]
[Date "2001.03.10"]
[Round "10.6"]
[White "Kachiani Gersinska, Ketino"]
[Black "Meissner, Bernd Guenther"]
[Result "0-1"]
[WhiteElo "2448"]
[BlackElo "2372"]
[PlyCount "94"]
[EventDate "2000.10.14"]
[EventType "team"]
[EventRounds "15"]
[EventCountry "GER"]
[SourceTitle "Bundesliga 0001"]
[Source "DeepChess"]
[SourceDate "2005.01.01"]
[SourceVersion "1"]
[SourceVersionDate "2005.01.01"]
[SourceQuality "1"]
[WhiteTeam "TV Tegernsee"]
[BlackTeam "SF 1982 Baiertal Schatthausen"]
[WhiteTeamCountry "GER"]
[BlackTeamCountry "GER"]

1. d4 Nf6 2. c4 c5 3. d5 e6 4. Nc3 exd5 5. cxd5 d6 6. g3 g6 7. Bg2 Bg7 8. Nf3
O-O 9. O-O a6 10. a4 Nbd7 11. Bf4 Qc7 12. a5 Re8 13. Qa4 Rb8 14. Nd2 Ne5 15.
Bg5 Bd7 16. Qh4 Neg4 17. Nde4 Nxe4 18. Nxe4 h6 19. Be7 g5 20. Bxd6 Qd8 21. Qh5
Rxe4 22. Bxe4 Nf6 23. Bh7+ Nxh7 24. Bxb8 Qxb8 25. Rac1 Qd6 26. Qf3 Nf6 27. Qb3
Bb5 28. Qc2 Nd7 29. Rfd1 Bd4 30. b4 Qxd5 31. bxc5 Bc6 32. e4 Qe5 33. Qd3 Bxc5
34. Re1 Qf6 35. Qe2 Bb4 36. Red1 Bxa5 37. h4 Ne5 38. hxg5 hxg5 39. Qh5 Bb6 40.
Rc2 Kg7 41. Qe2 Qg6 42. Rxc6 Qxc6 43. Rd5 Qc3 44. Kg2 g4 45. Rxe5 Qxe5 46.
Qxg4+ Kf6 47. Qf3+ Ke7 0-1

[Event "Bundesliga 0001"]
[Site "Deutschland"]
[Date "2001.03.10"]
[Round "10.7"]
[White "Koch, Wolfgang Max"]
[Black "Pezerovic, Edin"]
[Result "0-1"]
[WhiteElo "2335"]
[BlackElo "2426"]
[PlyCount "126"]
[EventDate "2000.10.14"]
[EventType "team"]
[EventRounds "15"]
[EventCountry "GER"]
[SourceTitle "Bundesliga 0001"]
[Source "DeepChess"]
[SourceDate "2005.01.01"]
[SourceVersion "1"]
[SourceVersionDate "2005.01.01"]
[SourceQuality "1"]
[WhiteTeam "SF 1982 Baiertal Schatthausen"]
[BlackTeam "TV Tegernsee"]
[WhiteTeamCountry "GER"]
[BlackTeamCountry "GER"]

1. d4 Nf6 2. Nf3 e6 3. c4 Bb4+ 4. Bd2 Qe7 5. g3 b6 6. Bg2 Bb7 7. O-O Bxd2 8.
Qxd2 d6 9. Nc3 Ne4 10. Nxe4 Bxe4 11. d5 e5 12. Nh4 Bxg2 13. Kxg2 O-O 14. Nf5
Qd7 15. e4 g6 16. Ne3 Qe7 17. Qc2 Nd7 18. Rae1 a5 19. f3 Nc5 20. Rh1 h5 21.
Rhf1 Rae8 22. b3 Qd7 23. g4 Qe7 24. a3 a4 25. b4 Nb3 26. Kh1 Qg5 27. Qf2 Kg7
28. Rg1 Rh8 29. gxh5 Qxh5 30. Nc2 Rh7 31. Rg2 Reh8 32. Kg1 Qh6 33. Qg3 Kf8 34.
Qg4 Ke7 35. Qg3 Qh5 36. Rf1 Qh4 37. Qxh4+ Rxh4 38. Rff2 Rf4 39. Rg3 Rh6 40. Re2
f5 41. exf5 Rxf5 42. Kg2 Rfh5 43. Kg1 Rh4 44. Ne3 Rd4 45. Kg2 Nc1 46. Rc2 Nd3
47. Kf1 Nf4 48. Ng4 Rh8 49. Rc3 Rd1+ 50. Kf2 Rd2+ 51. Kg1 Rb2 52. c5 bxc5 53.
bxc5 Nxd5 54. cxd6+ cxd6 55. Rc6 Rhb8 56. Rh3 Ra2 57. Rc1 Rxa3 58. Kf2 Nf4 59.
Rh7+ Ke6 60. Rcc7 Rb2+ 61. Kg3 Rg2+ 62. Kh4 Rxf3 63. Rhe7+ Kd5 0-1

[Event "Bundesliga 0001"]
[Site "Deutschland"]
[Date "2001.03.10"]
[Round "10.8"]
[White "Bromberger, Stefan"]
[Black "Balzar, Andreas"]
[Result "1-0"]
[WhiteElo "2375"]
[BlackElo "2346"]
[PlyCount "131"]
[EventDate "2000.10.14"]
[EventType "team"]
[EventRounds "15"]
[EventCountry "GER"]
[SourceTitle "Bundesliga 0001"]
[Source "DeepChess"]
[SourceDate "2005.01.01"]
[SourceVersion "1"]
[SourceVersionDate "2005.01.01"]
[SourceQuality "1"]
[WhiteTeam "TV Tegernsee"]
[BlackTeam "SF 1982 Baiertal Schatthausen"]
[WhiteTeamCountry "GER"]
[BlackTeamCountry "GER"]

1. e4 c5 2. Nf3 d6 3. d4 cxd4 4. Nxd4 Nf6 5. Nc3 a6 6. Be3 e5 7. Nb3 Be6 8. f3
Nbd7 9. Qd2 b5 10. a4 b4 11. Nd5 Bxd5 12. exd5 Nb6 13. Bxb6 Qxb6 14. a5 Qb7 15.
Bc4 Be7 16. Ra4 Rb8 17. Qd3 Ra8 18. Qd2 Rb8 19. Nc1 Bd8 20. Nd3 Bxa5 21. Nc5
dxc5 22. Rxa5 O-O 23. Rxa6 Ra8 24. Rxa8 Rxa8 25. O-O Rd8 26. Rd1 h6 27. Qe3 Qc7
28. Re1 Re8 29. Qb3 Re7 30. Qa4 Ne8 31. Qc6 Nd6 32. Qxc7 Rxc7 33. b3 f6 34. Bd3
Kf7 35. Ra1 f5 36. Ra6 Ke7 37. g4 fxg4 38. fxg4 Kd7 39. Kf2 Ke7 40. Ke3 Kd7 41.
h4 Ke7 42. Kf3 Kd7 43. Ra8 Ke7 44. Rg8 Kf7 45. Rb8 Ke7 46. Rb6 Rc8 47. Ra6 Rc7
48. Bh7 c4 49. bxc4 Rxc4 50. Ra7+ Kf6 51. Rd7 Rf4+ 52. Ke2 Ne4 53. Ke3 Nf2 54.
Rd6+ Kf7 55. Bg6+ Kf8 56. Rd7 Nxg4+ 57. Ke2 Nf6 58. Rf7+ Kg8 59. d6 Rg4 60. h5
Nh7 61. d7 Rd4 62. Re7 Nf8 63. Bf5 Nxd7 64. Rxd7 Rf4 65. Bg6 Kf8 66. Rb7 1-0

[Event "Bundesliga 0001"]
[Site "Deutschland"]
[Date "2001.03.10"]
[Round "10.1"]
[White "Piket, Jeroen"]
[Black "Movsesian, Sergei"]
[Result "1/2-1/2"]
[WhiteElo "2649"]
[BlackElo "2666"]
[PlyCount "94"]
[EventDate "2000.10.14"]
[EventType "team"]
[EventRounds "15"]
[EventCountry "GER"]
[SourceTitle "Bundesliga 0001"]
[Source "DeepChess"]
[SourceDate "2005.01.01"]
[SourceVersion "1"]
[SourceVersionDate "2005.01.01"]
[SourceQuality "1"]
[WhiteTeam "SG 1868 Aljech. Solingen"]
[BlackTeam "SF Neukoelln 03 e.V."]
[WhiteTeamCountry "GER"]
[BlackTeamCountry "GER"]

1. d4 Nf6 2. c4 c6 3. Nc3 d5 4. Nf3 a6 5. a4 e6 6. Bg5 Nbd7 7. cxd5 exd5 8. e3
a5 9. Bd3 Be7 10. Qc2 O-O 11. O-O h6 12. Bf4 Nh5 13. Be5 Nhf6 14. Bg3 Nh5 15.
Be5 Nhf6 16. Rfd1 Bb4 17. Bg3 Re8 18. h3 Nf8 19. Rab1 Qe7 20. Na2 Bd6 21. Bxd6
Qxd6 22. b4 axb4 23. Rxb4 Ne6 24. Rdb1 Ng5 25. Ne5 Qe7 26. Nc3 c5 27. Rb5 Ne6
28. Nf3 cxd4 29. Nxd4 Nxd4 30. exd4 Qd8 31. Qd2 Ra5 32. Qf4 Rxb5 33. Nxb5 Qa5
34. Nd6 Re1+ 35. Rxe1 Qxe1+ 36. Kh2 Bd7 37. Bb5 Bxb5 38. axb5 b6 39. Nf5 Qe6
40. Qe5 Kh7 41. g4 Ne8 42. Kg3 Qd7 43. Qe7 Qe6 44. Kf4 g5+ 45. Kf3 Qxe7 46.
Nxe7 Nc7 47. Ke3 h5 1/2-1/2

[Event "Bundesliga 0001"]
[Site "Deutschland"]
[Date "2001.03.10"]
[Round "10.2"]
[White "Stohl, Igor"]
[Black "Jussupow, Artur"]
[Result "1/2-1/2"]
[WhiteElo "2578"]
[BlackElo "2610"]
[PlyCount "88"]
[EventDate "2000.10.14"]
[EventType "team"]
[EventRounds "15"]
[EventCountry "GER"]
[SourceTitle "Bundesliga 0001"]
[Source "DeepChess"]
[SourceDate "2005.01.01"]
[SourceVersion "1"]
[SourceVersionDate "2005.01.01"]
[SourceQuality "1"]
[WhiteTeam "SF Neukoelln 03 e.V."]
[BlackTeam "SG 1868 Aljech. Solingen"]
[WhiteTeamCountry "GER"]
[BlackTeamCountry "GER"]

1. d4 Nf6 2. c4 e6 3. Nf3 d5 4. Nc3 Nbd7 5. Bg5 c6 6. cxd5 exd5 7. e3 Be7 8.
Qc2 O-O 9. Bd3 Re8 10. O-O Nf8 11. Rab1 Bd6 12. b4 Ng6 13. Bf5 b5 14. Bxc8 Rxc8
15. Rfe1 h6 16. Bxf6 Qxf6 17. a3 Nh4 18. Nxh4 Qxh4 19. g3 Qh3 20. e4 dxe4 21.
Rxe4 Rxe4 22. Nxe4 Be5 23. Nc5 Bf6 24. Qe4 h5 25. Rc1 h4 26. Nd3 Qd7 27. d5
cxd5 28. Rxc8+ Qxc8 29. Qxd5 a6 30. Nc5 h3 31. Qd7 Qxd7 32. Nxd7 Bd4 33. Nb8 f6
34. Nxa6 Bb6 35. Kf1 Kf7 36. Nc5 Bxc5 37. bxc5 Ke6 38. g4 Kd5 39. Ke2 Kxc5 40.
Kd3 Kd5 41. f3 g5 42. Kc3 Kc5 43. Kd3 Kd5 44. Kc3 Kc5 1/2-1/2

[Event "Bundesliga 0001"]
[Site "Deutschland"]
[Date "2001.03.10"]
[Round "10.4"]
[White "Borriss, Martin"]
[Black "Huebner, Robert"]
[Result "0-1"]
[WhiteElo "2439"]
[BlackElo "2615"]
[PlyCount "74"]
[EventDate "2000.10.14"]
[EventType "team"]
[EventRounds "15"]
[EventCountry "GER"]
[SourceTitle "Bundesliga 0001"]
[Source "DeepChess"]
[SourceDate "2005.01.01"]
[SourceVersion "1"]
[SourceVersionDate "2005.01.01"]
[SourceQuality "1"]
[WhiteTeam "SF Neukoelln 03 e.V."]
[BlackTeam "SG 1868 Aljech. Solingen"]
[WhiteTeamCountry "GER"]
[BlackTeamCountry "GER"]

1. e4 e6 2. d4 d5 3. Nc3 Nf6 4. Bg5 Bb4 5. e5 h6 6. Bc1 Ne4 7. Qg4 g6 8. Nge2
c5 9. a3 Ba5 10. b4 Nxc3 11. Nxc3 cxd4 12. Nb5 Bc7 13. f4 Nc6 14. Bd3 a6 15.
Nxc7+ Qxc7 16. O-O Bd7 17. Qh4 Qd8 18. Qf2 Qb6 19. Bb2 O-O-O 20. Rab1 Rdf8 21.
Ba1 f6 22. exf6 Rxf6 23. b5 axb5 24. Rxb5 Qa7 25. Qh4 g5 26. fxg5 Rxf1+ 27.
Kxf1 Qxa3 28. Bb2 Qe7 29. Bc1 e5 30. Kg1 e4 31. Bf1 e3 32. Be2 Be6 33. Rb3 Bf5
34. Qf4 Qxg5 35. Qd6 Rg8 36. g3 Qe7 37. Qxd5 Be6 0-1

[Event "Bundesliga 0001"]
[Site "Deutschland"]
[Date "2001.03.10"]
[Round "10.5"]
[White "Sadler, Matthew"]
[Black "Polzin, Rainer"]
[Result "1-0"]
[WhiteElo "2628"]
[BlackElo "2465"]
[PlyCount "81"]
[EventDate "2000.10.14"]
[EventType "team"]
[EventRounds "15"]
[EventCountry "GER"]
[SourceTitle "Bundesliga 0001"]
[Source "DeepChess"]
[SourceDate "2005.01.01"]
[SourceVersion "1"]
[SourceVersionDate "2005.01.01"]
[SourceQuality "1"]
[WhiteTeam "SG 1868 Aljech. Solingen"]
[BlackTeam "SF Neukoelln 03 e.V."]
[WhiteTeamCountry "GER"]
[BlackTeamCountry "GER"]

1. e4 g6 2. Nc3 Bg7 3. h4 c6 4. h5 d5 5. d3 dxe4 6. Nxe4 Bf5 7. h6 Be5 8. Nf3
Bxe4 9. dxe4 Qxd1+ 10. Kxd1 Bc7 11. Ng5 Nd7 12. Bc4 e6 13. a4 Ngf6 14. Ke2 Nc5
15. Rh4 a5 16. Be3 Nfd7 17. f4 Bd8 18. g3 Nxa4 19. Rxa4 b5 20. Ra2 bxc4 21. Rh1
Bxg5 22. fxg5 Ke7 23. Rd1 Rhb8 24. Rd4 Rb4 25. Bd2 Rb5 26. Rxc4 Ra6 27. b3 f6
28. gxf6+ Nxf6 29. Rca4 Rh5 30. Bxa5 Kf7 31. Bd2 Rxa4 32. Rxa4 Ng4 33. Ra7+ Kf6
34. Rxh7 Rh2+ 35. Kf3 Ne5+ 36. Ke3 Ng4+ 37. Kf4 Rxd2 38. Kxg4 Rxc2 39. Rc7 Rh2
40. e5+ Kxe5 41. Kg5 1-0

[Event "Bundesliga 0001"]
[Site "Deutschland"]
[Date "2001.03.10"]
[Round "10.6"]
[White "Hellsten, Johan"]
[Black "Lobron, Eric"]
[Result "1/2-1/2"]
[WhiteElo "2470"]
[BlackElo "2530"]
[PlyCount "103"]
[EventDate "2000.10.14"]
[EventType "team"]
[EventRounds "15"]
[EventCountry "GER"]
[SourceTitle "Bundesliga 0001"]
[Source "DeepChess"]
[SourceDate "2005.01.01"]
[SourceVersion "1"]
[SourceVersionDate "2005.01.01"]
[SourceQuality "1"]
[WhiteTeam "SF Neukoelln 03 e.V."]
[BlackTeam "SG 1868 Aljech. Solingen"]
[WhiteTeamCountry "GER"]
[BlackTeamCountry "GER"]

1. d4 e6 2. c4 c5 3. d5 exd5 4. cxd5 d6 5. Nc3 g6 6. Nf3 Bg7 7. h3 a6 8. e4 b5
9. Bd3 Nf6 10. O-O O-O 11. Re1 Re8 12. a3 Ra7 13. Bg5 h6 14. Bf4 Rae7 15. Qd2
g5 16. Bh2 Qb6 17. e5 dxe5 18. Nxe5 Nbd7 19. Nc6 Rxe1+ 20. Rxe1 Rxe1+ 21. Qxe1
Bb7 22. Ne7+ Kh8 23. Ne4 c4 24. Bc2 Qd4 25. Nd6 Bxd5 26. Bf5 Be6 27. Bxe6 fxe6
28. Bg3 e5 29. Ndf5 Qxb2 30. Qa5 Kh7 31. Qd8 Bf8 32. Nd5 Qb1+ 33. Kh2 Qxf5 34.
Nxf6+ Qxf6 35. Qxd7+ Bg7 36. Qc8 h5 37. f3 h4 38. Bf2 Qf4+ 39. Kh1 Qc1+ 40. Bg1
Qf4 41. Be3 Qxe3 42. Qf5+ Kh8 43. Qc8+ Kh7 44. Qf5+ Kg8 45. Qe6+ Kf8 46. Qd6+
Ke8 47. Qe6+ Kd8 48. Qd6+ Kc8 49. Qc6+ Kb8 50. Qd6+ Kb7 51. Qd7+ Kb6 52. Qd8+
1/2-1/2

[Event "Bundesliga 0001"]
[Site "Deutschland"]
[Date "2001.03.10"]
[Round "10.7"]
[White "Naumann, Alexander"]
[Black "Poldauf, Dirk"]
[Result "1-0"]
[WhiteElo "2489"]
[BlackElo "2421"]
[PlyCount "65"]
[EventDate "2000.10.14"]
[EventType "team"]
[EventRounds "15"]
[EventCountry "GER"]
[SourceTitle "Bundesliga 0001"]
[Source "DeepChess"]
[SourceDate "2005.01.01"]
[SourceVersion "1"]
[SourceVersionDate "2005.01.01"]
[SourceQuality "1"]
[WhiteTeam "SG 1868 Aljech. Solingen"]
[BlackTeam "SF Neukoelln 03 e.V."]
[WhiteTeamCountry "GER"]
[BlackTeamCountry "GER"]

1. e4 e6 2. d4 d5 3. Nc3 Bb4 4. exd5 exd5 5. Bd3 Nc6 6. a3 Bxc3+ 7. bxc3 Nf6 8.
Bg5 h6 9. Bf4 O-O 10. Ne2 Na5 11. O-O Nc4 12. Ng3 c6 13. Qc1 Nh7 14. Re1 g5 15.
Bd2 Nd6 16. h4 f5 17. hxg5 hxg5 18. Qd1 Bd7 19. c4 Nxc4 20. Bb4 Rf7 21. Bxc4
dxc4 22. d5 Qf6 23. d6 g4 24. Qd2 Ng5 25. Bc3 Qh6 26. Re7 Raf8 27. Rae1 f4 28.
R1e5 Nh7 29. Nh5 g3 30. fxg3 Ng5 31. Nxf4 Rxf4 32. gxf4 Rxf4 33. Rxg5+ 1-0

[Event "Bundesliga 0001"]
[Site "Deutschland"]
[Date "2001.03.10"]
[Round "10.8"]
[White "Rudolf, Henrik"]
[Black "Schaefer, Markus"]
[Result "1/2-1/2"]
[WhiteElo "2308"]
[BlackElo "2393"]
[PlyCount "68"]
[EventDate "2000.10.14"]
[EventType "team"]
[EventRounds "15"]
[EventCountry "GER"]
[SourceTitle "Bundesliga 0001"]
[Source "DeepChess"]
[SourceDate "2005.01.01"]
[SourceVersion "1"]
[SourceVersionDate "2005.01.01"]
[SourceQuality "1"]
[WhiteTeam "SF Neukoelln 03 e.V."]
[BlackTeam "SG 1868 Aljech. Solingen"]
[WhiteTeamCountry "GER"]
[BlackTeamCountry "GER"]

1. e4 e6 2. d4 d5 3. Nc3 Nf6 4. e5 Nfd7 5. f4 c5 6. Nf3 Nc6 7. Be3 cxd4 8. Nxd4
Bc5 9. Qd2 a6 10. O-O-O Qc7 11. h4 O-O 12. Kb1 b5 13. Rh3 Nxd4 14. Bxd4 Bb7 15.
h5 Rac8 16. h6 g6 17. Re3 b4 18. Ne2 a5 19. Bxc5 Nxc5 20. Nd4 Ne4 21. Qe1 Qb6
22. Ka1 f6 23. exf6 Rxf6 24. g3 Re8 25. Bg2 e5 26. fxe5 Rxe5 27. Rf3 Re8 28.
Rxf6 Qxf6 29. Bxe4 dxe4 30. Qe3 Rf8 31. a3 Bd5 32. axb4 axb4 33. Nb3 Bc4 34.
Nd2 g5 1/2-1/2